| Tag |
First Indicator |
Second Indicator |
Subfields |
| LEADER |
00000pam a2200000 a 4500 |
| 001 |
in00000092821 |
| 005 |
20150923173305.0 |
| 008 |
811014s1982 mdu b 00010beng |
| 010 |
|
|
|a 81018568
|
| 020 |
|
|
|a 0801823498
|
| 035 |
|
|
|a (OCoLC)07924481
|
| 035 |
|
|
|9 AAK7827AM
|
| 039 |
0 |
|
|a 2
|b 3
|c 3
|d 3
|e 3
|
| 040 |
|
|
|a DLC
|c DLC
|d TXA
|d UtOrBLW
|
| 041 |
1 |
|
|a eng
|a fre
|
| 049 |
|
|
|a TXAM
|c [952306]
|
| 050 |
0 |
0 |
|a BF175
|b B2313 1982
|
| 060 |
|
0 |
|a WM 460 B194h (P)
|
| 082 |
0 |
|
|a 150.19/52
|2 19
|
| 100 |
1 |
|
|a Balmary, Marie.
|
| 240 |
1 |
0 |
|a Homme aux statues.
|l English
|
| 245 |
1 |
0 |
|a Psychoanalyzing psychoanalysis :
|b Freud and the hidden fault of the father /
|c Marie Balmary ; translated with an introduction by Ned Lukacher.
|
| 264 |
|
1 |
|a Baltimore, Md. :
|b Johns Hopkins University Press,
|c [1982]
|
| 264 |
|
4 |
|c ©1982
|
| 300 |
|
|
|a xxiii, 184 pages ;
|c 24 cm.
|
| 336 |
|
|
|a text
|b txt
|2 rdacontent
|
| 337 |
|
|
|a unmediated
|b n
|2 rdamedia
|
| 338 |
|
|
|a volume
|b nc
|2 rdacarrier
|
| 500 |
|
|
|a Translation of: L'homme aux statues.
|
| 504 |
|
|
|a Includes bibliographical references.
|
| 600 |
1 |
0 |
|a Freud, Sigmund,
|d 1856-1939
|x Family.
|
| 650 |
|
0 |
|a Psychoanalysis.
|
| 650 |
|
0 |
|a Oedipus complex.
|
| 650 |
|
0 |
|a Fathers and sons.
|
| 650 |
|
2 |
|a Psychoanalysis
|x Biography.
|
| 999 |
|
|
|a MARS
|
| 999 |
f |
f |
|s 2330cb78-e560-38d7-9835-fabf3f1c51ba
|i cf90bccc-3ee4-39be-a834-70b2a4f4fa3b
|t 0
|
| 952 |
f |
f |
|p ric
|a Texas A&M University
|b Rellis Campus
|c Joint Library Facility
|d Remote Storage
|t 0
|e BF175 B2313 1982
|h Library of Congress classification
|i unmediated -- volume
|m A14806015181
|
| 998 |
f |
f |
|a BF175 B2313 1982
|t 0
|l Remote Storage
|